00747nam a2200217 a 450000100060000000300090000600500170001500800410003201500210007302000180009404000280011204100080014008200160014824501360016426001080030030000100040849000200041865000270043870000400046574000240050525192CO-ViMGA20230915232046.0141112s2004 ck r 000 u spa d ack - 2006 - xxxx a9789588257860 aCO-ViMGAbspacCO-ViMGA aspa04a808.83 T91h10aLa ventana abierta y otros cuentos sorprendentes : bUna historia sin final / cselección y traducción de Julio Paredes Castro. aBogotá : bAlcaldía Mayor de Bogotá : bInstituto Distrital de Cultura y Turismo, cINCI, c2011. a53 p. aLibro al viento14aCuentos - Colecciones.1 aParedes Castro, Julio, 1957 - , tr. aLa ventana abierta.